[Event "DEM U16 2019"]
[Site "Willingen GER"]
[Date "2019.06.09"]
[Round "2"]
[White "Burian, Simon"]
[Black "Stork, Oliver"]
[Result "1/2-1/2"]
[Termination "normal"]
[Board "8"]
[WhiteElo "2001"]
[BlackElo "2183"]
[WhiteClock "00:31:51"]
[BlackClock "00:03:30"]
[PlyCount "114"]
[WhiteFideId "12956902"]
[BlackFideId "12955728"]
[EventCountry "GER"]
[EventRounds "9"]
[EventType "swiss"]
[EventDate "2019.06.08"]

1. e4 {[%clk 1:30:57]} 1... e5 {[%clk 1:30:56]} 2. Nf3 {[%clk 1:31:15]} 2...
Nc6 {[%clk 1:31:19]} 3. Bc4 {[%clk 1:31:35]} 3... Bc5 {[%clk 1:31:43]} 4. b4 {
[%clk 1:31:45]} 4... Bxb4 {[%clk 1:32:06]} 5. c3 {[%clk 1:32:08]} 5... Ba5 {
[%clk 1:32:30]} 6. d4 {[%clk 1:32:26]} 6... b5 {[%clk 1:32:54]} 7. Bd5 { [%clk
1:26:27]} 7... Nge7 {[%clk 1:33:14]} 8. Nxe5 {[%clk 1:21:44]} 8... Nxd5 { [%clk
1:31:37]} 9. exd5 {[%clk 1:21:54]} 9... Nxe5 {[%clk 1:32:02]} 10. dxe5 { [%clk
1:22:14]} 10... O-O {[%clk 1:30:26]} 11. O-O {[%clk 1:20:19]} 11... d6 { [%clk
1:28:55]} 12. Ba3 {[%clk 1:12:15]} 12... Re8 {[%clk 1:23:53]} 13. exd6 { [%clk
1:11:14]} 13... cxd6 {[%clk 1:24:15]} 14. Qd3 {[%clk 1:05:51]} 14... Qd7 {[%clk
1:09:52]} 15. Nd2 {[%clk 1:02:20]} 15... Bb7 {[%clk 1:09:04]} 16. Rfe1 { [%clk
0:56:19]} 16... Rac8 {[%clk 0:59:08]} 17. Bb4 {[%clk 0:54:06]} 17... Bb6 {[%clk
0:56:39]} 18. Nf3 {[%clk 0:50:33]} 18... h6 {[%clk 0:51:04]} 19. h3 { [%clk
0:47:10]} 19... a5 {[%clk 0:41:55]} 20. Ba3 {[%clk 0:47:22]} 20... Bc5 { [%clk
0:30:48]} 21. Bb2 {[%clk 0:43:48]} 21... Ba6 {[%clk 0:26:57]} 22. Nh4 { [%clk
0:34:09]} 22... Re5 {[%clk 0:21:24]} 23. Rxe5 {[%clk 0:32:16]} 23... dxe5
{[%clk 0:21:49]} 24. Re1 {[%clk 0:28:59]} 24... Re8 {[%clk 0:18:22]} 25. Qg3 {
[%clk 0:25:30]} 25... Bb7 {[%clk 0:12:55]} 26. c4 {[%clk 0:21:27]} 26... bxc4 {
[%clk 0:09:22]} 27. Rxe5 {[%clk 0:21:28]} 27... Rxe5 {[%clk 0:09:16]} 28. Bxe5
{[%clk 0:21:12]} 28... Bf8 {[%clk 0:08:34]} 29. d6 {[%clk 0:20:39]} 29... f6 {
[%clk 0:06:14]} 30. Bxf6 {[%clk 0:18:48]} 30... Bxd6 {[%clk 0:04:59]} 31. Be5 {
[%clk 0:17:01]} 31... Bxe5 {[%clk 0:04:28]} 32. Qxe5 {[%clk 0:17:26]} 32... Qc6
{[%clk 0:04:05]} 33. f3 {[%clk 0:14:53]} 33... c3 {[%clk 0:01:35]} 34. Nf5 {
[%clk 0:14:37]} 34... Qf6 {[%clk 0:01:48]} 35. Qxf6 {[%clk 0:12:21]} 35... gxf6
{[%clk 0:02:14]} 36. Nd4 {[%clk 0:12:39]} 36... Bd5 {[%clk 0:01:35]} 37. a3 {
[%clk 0:12:07]} 37... Kf7 {[%clk 0:01:48]} 38. Kf2 {[%clk 0:12:17]} 38... Ke7 {
[%clk 0:00:50]} 39. Ke3 {[%clk 0:12:11]} 39... Bc4 {[%clk 0:00:49]} 40. Nc2 {
[%clk 0:07:53]} 40... Bf1 {[%clk 0:00:47]} 41. g3 {[%clk 0:07:54]} 41... Bxh3 {
[%clk 0:29:44]} 42. Kd4 {[%clk 0:34:34]} 42... Bf5 {[%clk 0:18:39]} 43. Kxc3 {
[%clk 0:34:57]} 43... Bxc2 {[%clk 0:19:04]} 44. Kxc2 {[%clk 0:35:23]} 44... Kd6
{[%clk 0:19:31]} 45. Kc3 {[%clk 0:35:08]} 45... Kc5 {[%clk 0:14:17]} 46. g4 {
[%clk 0:28:45]} 46... Kd5 {[%clk 0:05:19]} 47. Kd3 {[%clk 0:28:53]} 47... f5 {
[%clk 0:01:49]} 48. gxf5 {[%clk 0:29:17]} 48... Ke5 {[%clk 0:01:29]} 49. f6 {
[%clk 0:29:35]} 49... Kxf6 {[%clk 0:01:54]} 50. Ke4 {[%clk 0:29:38]} 50... h5 {
[%clk 0:01:32]} 51. Kf4 {[%clk 0:30:03]} 51... a4 {[%clk 0:01:56]} 52. Kg3 {
[%clk 0:30:19]} 52... Kg5 {[%clk 0:02:02]} 53. f4+ {[%clk 0:30:37]} 53... Kf5 {
[%clk 0:02:27]} 54. Kh4 {[%clk 0:30:43]} 54... Kxf4 {[%clk 0:02:45]} 55. Kxh5 {
[%clk 0:31:08]} 55... Kg3 {[%clk 0:02:59]} 56. Kg5 {[%clk 0:31:26]} 56... Kf3 {
[%clk 0:03:09]} 57. Kh4 {[%clk 0:31:51]} 57... Ke3 {[%clk 0:03:30]} 1/2-1/2

[Event "DEM U16 2019"]
[Site "Willingen GER"]
[Date "2019.06.09"]
[Round "2"]
[White "Wachinger, Nikolas"]
[Black "Biermann, Florian"]
[Result "1-0"]
[Termination "normal"]
[Board "10"]
[WhiteElo "2311"]
[BlackElo "2028"]
[WhiteClock "00:29:21"]
[BlackClock "00:00:32"]
[PlyCount "79"]
[WhiteFideId "12962791"]
[BlackFideId "12970069"]
[EventCountry "GER"]
[EventRounds "9"]
[EventType "swiss"]
[EventDate "2019.06.08"]

1. e4 {[%clk 1:30:56]} 1... c5 {[%clk 1:30:57]} 2. Nf3 {[%clk 1:31:21]} 2... d6
{[%clk 1:31:21]} 3. d4 {[%clk 1:31:44]} 3... cxd4 {[%clk 1:31:35]} 4. Nxd4 {
[%clk 1:32:11]} 4... Nf6 {[%clk 1:31:57]} 5. Nc3 {[%clk 1:32:35]} 5... a6 {
[%clk 1:32:23]} 6. Be3 {[%clk 1:32:54]} 6... e5 {[%clk 1:32:27]} 7. Nb3 { [%clk
1:32:36]} 7... Be7 {[%clk 1:32:41]} 8. f3 {[%clk 1:33:00]} 8... Be6 { [%clk
1:32:49]} 9. Qd2 {[%clk 1:33:23]} 9... O-O {[%clk 1:33:12]} 10. O-O-O { [%clk
1:33:46]} 10... a5 {[%clk 1:33:27]} 11. a4 {[%clk 1:31:27]} 11... Na6 { [%clk
1:30:36]} 12. g4 {[%clk 1:21:22]} 12... Nb4 {[%clk 1:23:52]} 13. Kb1 { [%clk
1:10:53]} 13... Rc8 {[%clk 1:22:43]} 14. Qf2 {[%clk 1:04:03]} 14... d5 { [%clk
1:07:02]} 15. Bb6 {[%clk 0:59:27]} 15... Qd6 {[%clk 0:59:43]} 16. Nb5 { [%clk
0:44:53]} 16... Qd7 {[%clk 0:42:18]} 17. c3 {[%clk 0:42:26]} 17... d4 { [%clk
0:36:27]} 18. Nxa5 {[%clk 0:40:29]} 18... dxc3 {[%clk 0:31:55]} 19. Rxd7 {[%clk
0:38:53]} 19... c2+ {[%clk 0:31:18]} 20. Qxc2 {[%clk 0:39:14]} 20... Ba2+
{[%clk 0:31:09]} 21. Ka1 {[%clk 0:38:02]} 21... Nxc2+ {[%clk 0:30:01]} 22. Kxa2
{[%clk 0:38:21]} 22... Nxd7 {[%clk 0:30:15]} 23. Bf2 {[%clk 0:33:40]} 23...
Nb4+ {[%clk 0:28:07]} 24. Kb3 {[%clk 0:33:34]} 24... Nc6 {[%clk 0:20:26]} 25.
Nc4 {[%clk 0:31:20]} 25... Bc5 {[%clk 0:17:26]} 26. Bxc5 {[%clk 0:31:08]} 26...
Nxc5+ {[%clk 0:17:51]} 27. Ka3 {[%clk 0:31:35]} 27... Rfd8 { [%clk 0:14:46]}
28. Ncd6 {[%clk 0:30:09]} 28... Ra8 {[%clk 0:14:27]} 29. b3 { [%clk 0:30:15]}
29... Nd4 {[%clk 0:14:38]} 30. Bc4 {[%clk 0:30:03]} 30... Nxb5+ {[%clk
0:14:38]} 31. Nxb5 {[%clk 0:30:30]} 31... Rd2 {[%clk 0:14:12]} 32. Bd5 { [%clk
0:29:00]} 32... Rd8 {[%clk 0:10:10]} 33. Rc1 {[%clk 0:28:45]} 33... Ne6 { [%clk
0:08:54]} 34. Bxb7 {[%clk 0:27:32]} 34... Nd4 {[%clk 0:06:17]} 35. Nxd4 { [%clk
0:27:26]} 35... exd4 {[%clk 0:00:38]} 36. a5 {[%clk 0:27:50]} 36... Re2 { [%clk
0:00:33]} 37. a6 {[%clk 0:28:13]} 37... d3 {[%clk 0:00:35]} 38. a7 { [%clk
0:28:36]} 38... d2 {[%clk 0:00:32]} 39. Rd1 {[%clk 0:29:00]} 39... Re1 { [%clk
0:00:32]} 40. Rxd2 {[%clk 0:29:21]} 1-0

[Event "DEM U16 2019"]
[Site "Willingen GER"]
[Date "2019.06.09"]
[Round "2"]
[White "Kopylov, Daniel"]
[Black "Huber, Benedikt"]
[Result "1-0"]
[Termination "normal"]
[Board "11"]
[WhiteElo "2263"]
[BlackElo "2051"]
[WhiteClock "00:08:33"]
[BlackClock "00:02:06"]
[PlyCount "75"]
[WhiteFideId "12921971"]
[BlackFideId "12923583"]
[EventCountry "GER"]
[EventRounds "9"]
[EventType "swiss"]
[EventDate "2019.06.08"]

1. e4 {[%clk 1:30:56]} 1... c5 {[%clk 1:30:43]} 2. Nf3 {[%clk 1:31:09]} 2... e6
{[%clk 1:30:52]} 3. g3 {[%clk 1:31:06]} 3... Nc6 {[%clk 1:30:54]} 4. Bg2 {
[%clk 1:31:26]} 4... Nf6 {[%clk 1:30:54]} 5. d3 {[%clk 1:30:08]} 5... d5 {
[%clk 1:31:05]} 6. Nbd2 {[%clk 1:30:14]} 6... Be7 {[%clk 1:31:13]} 7. O-O {
[%clk 1:30:19]} 7... O-O {[%clk 1:31:03]} 8. e5 {[%clk 1:30:14]} 8... Nd7 {
[%clk 1:31:09]} 9. Re1 {[%clk 1:30:28]} 9... Qc7 {[%clk 1:31:19]} 10. Qe2 {
[%clk 1:30:25]} 10... b5 {[%clk 1:31:21]} 11. Nf1 {[%clk 1:30:08]} 11... a5 {
[%clk 1:31:17]} 12. h4 {[%clk 1:30:12]} 12... Ba6 {[%clk 1:31:27]} 13. N1h2 {
[%clk 1:29:15]} 13... Rfc8 {[%clk 1:30:46]} 14. Bg5 {[%clk 1:27:34]} 14... Qd8
{[%clk 1:23:41]} 15. Qd2 {[%clk 1:05:06]} 15... b4 {[%clk 1:14:11]} 16. Qf4 {
[%clk 1:00:38]} 16... a4 {[%clk 0:55:55]} 17. a3 {[%clk 0:56:01]} 17... h6 {
[%clk 0:46:44]} 18. Bxe7 {[%clk 0:50:07]} 18... Qxe7 {[%clk 0:46:39]} 19. h5 {
[%clk 0:50:16]} 19... Nb6 {[%clk 0:42:13]} 20. Rac1 {[%clk 0:40:46]} 20... c4 {
[%clk 0:30:17]} 21. d4 {[%clk 0:38:36]} 21... bxa3 {[%clk 0:30:36]} 22. bxa3 {
[%clk 0:38:54]} 22... Qxa3 {[%clk 0:29:32]} 23. g4 {[%clk 0:38:46]} 23... Qe7 {
[%clk 0:20:48]} 24. g5 {[%clk 0:38:03]} 24... hxg5 {[%clk 0:20:46]} 25. Nxg5 {
[%clk 0:37:49]} 25... Nd7 {[%clk 0:20:55]} 26. c3 {[%clk 0:37:06]} 26... Nf8 {
[%clk 0:17:14]} 27. Ra1 {[%clk 0:26:41]} 27... Bb5 {[%clk 0:16:58]} 28. Re3 {
[%clk 0:22:34]} 28... Nh7 {[%clk 0:11:10]} 29. Nxh7 {[%clk 0:17:08]} 29... Kxh7
{[%clk 0:11:32]} 30. Ng4 {[%clk 0:17:20]} 30... Na5 {[%clk 0:05:52]} 31. Rg3 {
[%clk 0:14:24]} 31... Rg8 {[%clk 0:05:57]} 32. Kh2 {[%clk 0:10:55]} 32... Nb3 {
[%clk 0:01:28]} 33. Rg1 {[%clk 0:10:25]} 33... a3 {[%clk 0:01:50]} 34. Be4+ {
[%clk 0:07:31]} 34... Kh8 {[%clk 0:01:16]} 35. Nf6 {[%clk 0:07:30]} 35... dxe4
{[%clk 0:01:16]} 36. Qh6+ {[%clk 0:07:45]} 36... gxh6 {[%clk 0:01:40]} 37.
Rxg8+ {[%clk 0:08:09]} 37... Rxg8 {[%clk 0:02:06]} 38. Rxg8# {[%clk 0:08:33]}
1-0

[Event "DEM U16 2019"]
[Site "Willingen GER"]
[Date "2019.06.09"]
[Round "2"]
[White "Röhr, Tobias"]
[Black "Jeschke, Jan"]
[Result "1-0"]
[Termination "normal"]
[Board "12"]
[WhiteElo "2208"]
[BlackElo "1871"]
[WhiteClock "00:00:31"]
[BlackClock "00:09:07"]
[PlyCount "81"]
[WhiteFideId "12963089"]
[BlackFideId "16225430"]
[EventCountry "GER"]
[EventRounds "9"]
[EventType "swiss"]
[EventDate "2019.06.08"]

1. d4 {[%clk 1:30:57]} 1... Nf6 {[%clk 1:30:40]} 2. c4 {[%clk 1:31:24]} 2... e6
{[%clk 1:31:05]} 3. Nf3 {[%clk 1:31:49]} 3... Bb4+ {[%clk 1:31:16]} 4. Nbd2 {
[%clk 1:32:12]} 4... b6 {[%clk 1:30:27]} 5. a3 {[%clk 1:29:32]} 5... Bxd2+ {
[%clk 1:30:50]} 6. Bxd2 {[%clk 1:29:01]} 6... Ba6 {[%clk 1:28:11]} 7. Qc2 {
[%clk 1:21:18]} 7... O-O {[%clk 1:18:12]} 8. Bg5 {[%clk 1:19:07]} 8... c5 {
[%clk 1:13:50]} 9. e4 {[%clk 1:12:25]} 9... Qc7 {[%clk 1:08:29]} 10. e5 { [%clk
1:05:28]} 10... Nh5 {[%clk 1:03:09]} 11. g4 {[%clk 1:00:16]} 11... Bb7 { [%clk
1:03:08]} 12. Be2 {[%clk 0:50:42]} 12... f6 {[%clk 1:02:42]} 13. Rg1 { [%clk
0:46:51]} 13... Bxf3 {[%clk 0:59:55]} 14. gxh5 {[%clk 0:41:49]} 14... fxg5
{[%clk 0:58:44]} 15. Bxf3 {[%clk 0:41:00]} 15... Rxf3 {[%clk 0:57:36]} 16. Qe4
{[%clk 0:40:18]} 16... Nc6 {[%clk 0:54:16]} 17. Qxf3 {[%clk 0:40:34]} 17... Rf8
{[%clk 0:54:42]} 18. Qg4 {[%clk 0:37:33]} 18... Nxd4 {[%clk 0:54:57]} 19. O-O-O
{[%clk 0:35:58]} 19... Rxf2 {[%clk 0:49:18]} 20. Qxg5 {[%clk 0:32:32]} 20...
Ne2+ {[%clk 0:48:59]} 21. Kb1 {[%clk 0:32:56]} 21... Nxg1 {[%clk 0:48:52] } 22.
Rxg1 {[%clk 0:32:17]} 22... Rf7 {[%clk 0:48:56]} 23. h6 {[%clk 0:29:48]} 23...
g6 {[%clk 0:46:03]} 24. Rd1 {[%clk 0:22:59]} 24... Rf5 {[%clk 0:39:59]} 25. Qe7
{[%clk 0:20:43]} 25... Qxe5 {[%clk 0:40:00]} 26. Qxd7 {[%clk 0:17:51]} 26...
Rf7 {[%clk 0:30:47]} 27. Qc8+ {[%clk 0:17:16]} 27... Rf8 {[%clk 0:31:11]} 28.
Qb7 {[%clk 0:16:37]} 28... Qf6 {[%clk 0:23:57]} 29. Qxa7 {[%clk 0:11:20]} 29...
e5 {[%clk 0:22:59]} 30. h4 {[%clk 0:07:45]} 30... e4 {[%clk 0:20:02]} 31. Re1
{[%clk 0:04:56]} 31... e3 {[%clk 0:19:35]} 32. Rxe3 {[%clk 0:04:03]} 32... Qf1+
{[%clk 0:17:51]} 33. Ka2 {[%clk 0:04:29]} 33... Qxc4+ {[%clk 0:18:15]} 34. Rb3
{[%clk 0:04:54]} 34... Rf7 {[%clk 0:15:14]} 35. Qb8+ {[%clk 0:03:15]} 35... Rf8
{[%clk 0:15:33]} 36. Qxb6 {[%clk 0:03:42]} 36... Qd5 {[%clk 0:12:58]} 37. Qb7
{[%clk 0:03:09]} 37... Qd4 {[%clk 0:13:13]} 38. Rc3 {[%clk 0:02:43]} 38... c4
{[%clk 0:11:15]} 39. Qc6 {[%clk 0:02:02]} 39... Qxh4 {[%clk 0:08:52]} 40. Qe6+
{[%clk 0:01:35]} 40... Rf7 {[%clk 0:09:07]} 41. Rxc4 {[%clk 0:00:31]} 1-0

[Event "DEM U16 2019"]
[Site "Willingen GER"]
[Date "2019.06.09"]
[Round "2"]
[White "Richter, Nils"]
[Black "Buller, Ian Joshua"]
[Result "1-0"]
[Termination "normal"]
[Board "13"]
[WhiteElo "2121"]
[BlackElo "1904"]
[WhiteClock "00:30:32"]
[BlackClock "00:13:34"]
[PlyCount "103"]
[WhiteFideId "12990809"]
[BlackFideId "12990655"]
[EventCountry "GER"]
[EventRounds "9"]
[EventType "swiss"]
[EventDate "2019.06.08"]

1. e4 {[%clk 1:30:58]} 1... c5 {[%clk 1:30:55]} 2. Nf3 {[%clk 1:31:22]} 2... d6
{[%clk 1:31:19]} 3. d4 {[%clk 1:31:36]} 3... cxd4 {[%clk 1:31:39]} 4. Nxd4 {
[%clk 1:32:00]} 4... Nf6 {[%clk 1:32:02]} 5. Nc3 {[%clk 1:32:24]} 5... a6 {
[%clk 1:32:24]} 6. Rg1 {[%clk 1:32:39]} 6... b5 {[%clk 1:22:44]} 7. g4 { [%clk
1:33:02]} 7... Bb7 {[%clk 1:22:16]} 8. Bg2 {[%clk 1:33:24]} 8... Qc7 { [%clk
0:59:37]} 9. Be3 {[%clk 1:29:05]} 9... Nc6 {[%clk 0:55:03]} 10. g5 { [%clk
1:27:52]} 10... Nd7 {[%clk 0:54:17]} 11. Nd5 {[%clk 1:19:07]} 11... Qc8 { [%clk
0:51:13]} 12. Bh3 {[%clk 1:05:25]} 12... Nxd4 {[%clk 0:48:08]} 13. Qxd4 { [%clk
0:44:15]} 13... e6 {[%clk 0:46:37]} 14. Nc3 {[%clk 0:43:39]} 14... Ne5 { [%clk
0:34:42]} 15. Rg3 {[%clk 0:42:09]} 15... Qc4 {[%clk 0:29:02]} 16. f4 { [%clk
0:35:41]} 16... Qxd4 {[%clk 0:27:52]} 17. Bxd4 {[%clk 0:36:10]} 17... Nc6
{[%clk 0:20:35]} 18. Bf2 {[%clk 0:34:10]} 18... Be7 {[%clk 0:17:19]} 19. O-O-O
{[%clk 0:32:28]} 19... b4 {[%clk 0:12:48]} 20. Na4 {[%clk 0:31:43]} 20... h6 {
[%clk 0:09:30]} 21. g6 {[%clk 0:30:24]} 21... O-O {[%clk 0:08:21]} 22. Nb6 {
[%clk 0:25:30]} 22... Rad8 {[%clk 0:08:22]} 23. Nc4 {[%clk 0:25:11]} 23... e5 {
[%clk 0:07:57]} 24. gxf7+ {[%clk 0:16:52]} 24... Kxf7 {[%clk 0:08:08]} 25. Rf3
{[%clk 0:16:32]} 25... Kg8 {[%clk 0:07:49]} 26. Be6+ {[%clk 0:16:25]} 26... Kh8
{[%clk 0:08:05]} 27. f5 {[%clk 0:16:40]} 27... Bg5+ {[%clk 0:03:50]} 28. Kb1 {
[%clk 0:17:09]} 28... Ne7 {[%clk 0:03:48]} 29. Nxd6 {[%clk 0:16:13]} 29... Rxd6
{[%clk 0:03:01]} 30. Rxd6 {[%clk 0:16:39]} 30... Bxe4 {[%clk 0:03:24]} 31. Rb3
{[%clk 0:14:18]} 31... Nxf5 {[%clk 0:03:05]} 32. Rd1 {[%clk 0:14:11]} 32... a5
{[%clk 0:02:50]} 33. a3 {[%clk 0:12:07]} 33... Be7 {[%clk 0:02:18]} 34. Bd5 {
[%clk 0:10:26]} 34... a4 {[%clk 0:01:37]} 35. Bxe4 {[%clk 0:09:01]} 35... axb3
{[%clk 0:01:58]} 36. a4 {[%clk 0:08:32]} 36... bxc2+ {[%clk 0:02:17]} 37. Bxc2
{[%clk 0:08:46]} 37... Nd6 {[%clk 0:01:38]} 38. Bc5 {[%clk 0:08:44]} 38... Nc8
{[%clk 0:01:55]} 39. Rd5 {[%clk 0:08:43]} 39... Bxc5 {[%clk 0:02:10]} 40. Rxc5
{[%clk 0:09:12]} 40... Re8 {[%clk 0:01:49]} 41. Bg6 {[%clk 0:06:42]} 41... Rd8
{[%clk 0:02:05]} 42. Rxe5 {[%clk 0:06:57]} 42... b3 {[%clk 0:24:44]} 43. Kc1 {
[%clk 0:36:46]} 43... Nb6 {[%clk 0:24:38]} 44. Re8+ {[%clk 0:30:51]} 44... Rxe8
{[%clk 0:25:00]} 45. Bxe8 {[%clk 0:31:20]} 45... Nc4 {[%clk 0:20:00]} 46. Bb5 {
[%clk 0:30:09]} 46... Na5 {[%clk 0:18:46]} 47. Kd2 {[%clk 0:30:36]} 47... Kg8 {
[%clk 0:19:02]} 48. Kc3 {[%clk 0:31:03]} 48... Kf8 {[%clk 0:18:05]} 49. Kb4 {
[%clk 0:31:06]} 49... Nb7 {[%clk 0:18:17]} 50. a5 {[%clk 0:29:58]} 50... Nd6 {
[%clk 0:17:51]} 51. Bd7 {[%clk 0:30:05]} 51... Ke7 {[%clk 0:13:34]} 52. a6 {
[%clk 0:30:32]} 1-0